Statistics for Next Big City on the Interstate

Click here to take the quiz!

General Stats

  • This quiz has been taken 66 times
  • The average score is 13 of 20

Answer Stats

Origin and RouteNext City% Correct
From Denver, head south on I-25Colorado Springs
79%
From Houston, head north on I-45Dallas
75%
From New York, head south on I-95Newark
75%
From Seattle, head east on I-90Spokane
73%
From Chicago, head south on I-55St. Louis
73%
From Oklahoma City, head east on I-44Tulsa
73%
From Nashville, head north on I-65Louisville
71%
From Milwaukee, head west on I-94Madison
71%
From Columbus, head south on I-71Cincinnati
70%
From San Antonio, head south on I-35Laredo
68%
From San Francisco, head east on I-80Oakland
68%
From Detroit, head south on I-75Toledo
68%
From Jacksonville, head west on I-10New Orleans
64%
From Indianapolis, head north on I-69Fort Wayne
63%
From Louisville, head east on I-64Lexington
61%
From Portland, head east on I-84Boise
55%
From Memphis, head west on I-40Oklahoma City
54%
From Dallas, head east on I-20Birmingham
48%
From Baltimore, head west on I-70Columbus
46%
From Charlotte, head north on I-77Cleveland
43%

Score Distribution

Percentile by Number Answered

Percent of People with Each Score

Your Score History

You have not taken this quiz